00335nam a2200133Ia 4500008004100000020001500041041001200056082001600068100001400084245004300098260003600141300000800177650001600185221030s9999 xx 000 0 und d a8178840103 aEnglish a105.23bBan aR. Bangia 0aUnderstanding Excel 2000cby R. Bangia bCyber Tech PubaNew Delhic2001 a239 aBE Computer